000 00548nam a22002177a 4500
999 _c10299
_d10299
001 10299
003 BD-JhCC
005 20180520123456.0
008 180423b xxu||||| |||| 00| 0 eng d
035 _a(BD-JhCC)10299
040 _aBD-JhCC
_dBD-JhCC
041 _aeng
082 _a813.54
_bWRE 1999
100 _aWrede, C.
245 _aStar Wears Episodei The Phantom Menace /
_c C. Wrede,
260 _aNew York :
_bScholastic Inc,
_c1999.
300 _a178 p. :
_c20 cm.
650 _aSciencefiction
942 _2ddc
_cBK